000 00635nam a22001937a 4500
005 20150615143705.0
010 _aENG-113070
020 _a9789385160202
_c695.00
035 _aEN-96602
037 _bDBAD/PUB
082 _a356.16
245 _aWorld's special forces /
_cedited by Harsharan Singh
260 _aNew Delhi
_bLenin Media
_c2015
270 _a204-205, IInd Floor, Durga Complex Centre Shoping Complex Mayur Vihar, Phase-II
_bNew Delhi
_e110091
300 _a256p.
_c22cm(Hb)
500 _aIncludes bibliographical references and index
700 _aHarsharan Singh
942 _2ddc
_cEN
_mWOR
_h356.16
999 _c93668
_d93668